000 00456nam a2200157 4500
001 148215
003 ES-MaACL
005 20230906202510.0
007 t|
008 070214s1961 sp r ||||1| spa d
100 1 _aStolk, Gloria.
_9108286
245 1 0 _aCuando la luz se quiebra
_b: novela /
_cGloria Stolk.
260 _aZaragoza :
_b[s. n.],
_c1961 (
_fImp. `Heraldo de Aragón`)
300 _a175 p. ;
_c19 cm.
852 _aES-MaACL
_jB-13667
_bR.47133
999 _c148215
_d148215